[Event "ITA-chT"]
[Site "Italy"]
[Date "1995.??.??"]
[Round "?"]
[White "Godena, Michele"]
[Black "Vezzosi, Paolo"]
[Result "0-1"]
[WhiteElo "2430"]
[BlackElo "2305"]

1.e4 e6 2.d4 d5 3.Nd2 Be7 4.Ngf3 Nf6 5.Bd3 b6 6.Qe2 c5 7.c3 Nc6 8.Ne5 Bb7
9.Nxc6 Bxc6 10.e5 Nd7 11.Qg4 g6 12.Nf3 h6 13.h4 Qc7 14.Qf4 Nf8 15.Bd2 Qd7
16.dxc5 bxc5 17.c4 Qb7 18.cxd5 exd5 19.b3 Ne6 20.Qg3 Bb5 21.Bxb5+ Qxb5 22.h5 g5
23.Ng1 c4 24.Ne2 d4 25.bxc4 Qxc4 26.Qb3 Qxb3 27.axb3 O-O 28.Rh3 Rfd8 29.Nc1 Rd5
30.Ra5 Rxa5 31.Bxa5 Nf4 32.Rh2 Ba3 33.Bd2 Bxc1 34.Bxc1 Nd3+ 35.Kd2 Nxf2 36.g3 Ng4
37.Re2 Re8 38.Bb2 Nxe5 39.Kd1 f6 40.Re4 Rb8 41.Kc2 Rc8+ 42.Kd1 Rd8 43.Kc2 Nc6
44.Re6 Nb4+ 45.Kd2 Kf7 46.Re1 Rc8 47.Ba3 a5 48.Bxb4 axb4 49.Re4 Rc3 50.Rxd4 Rxb3
51.g4 Ke6 52.Re4+ Kd5 53.Re8 Rg3 54.Rf8 Ke6 55.Re8+ Kd5 56.Rh8 Rxg4 57.Rxh6 Ke5
58.Rh8 Rh4  0-1

[Event "Katowice op"]
[Site "Katowice"]
[Date "1995.??.??"]
[Round "2"]
[White "Morkisz, Bogdan"]
[Black "Borngaesser, Rene"]
[Result "1-0"]
[WhiteElo "2220"]
[BlackElo "2365"]

1.e4 e6 2.d4 d5 3.Nd2 Nc6 4.Ngf3 Nf6 5.e5 Nd7 6.Nb3 a5 7.a4 b6 8.Bb5 Bb7
9.h4 h6 10.Be3 Qc8 11.Nc1 Na7 12.Bd3 c5 13.c3 Ba6 14.Ne2 Nc6 15.Rc1 Bxd3
16.Qxd3 Qa6 17.Qxa6 Rxa6 18.O-O Be7 19.g3 O-O 20.Nf4 Rb8 21.Nd3 c4 22.Nf4 b5
23.axb5 Rxb5 24.Rc2 Rab6 25.Bc1 a4 26.Re2 Rb3 27.Nd2 R3b5 28.f3 Rb7 29.Ng2 Nb6
30.f4 h5 31.f5 exf5 32.Rxf5 Nd8 33.Ref2 g6 34.R5f3 Bf8 35.Nf4 Bh6 36.Nb1 Bg7
37.Na3 Ra5 38.Nc2 Nc8 39.Nb4 Ne7 40.Re2 Ne6 41.Ref2 Rab5 42.Nxe6 fxe6 43.Na6 Nf5
44.Nc5 Rxc5 45.dxc5 Rc7 46.Bf4 Rxc5 47.Rd2 Ra5 48.Rf1 Kf7 49.Ra1 Ke8 50.Ra2 Kd7
51.Kg2 Bf8 52.Bg5 Kc6 53.Kf3 Bc5 54.g4 hxg4+ 55.Kxg4 d4 56.cxd4 Bxd4 57.Bf4 Ra8
58.Kg5 Kb5 59.Rh2 Rh8 60.Ra3 Bc5 61.Rah3 Rh6 62.Kf6 Rxh4 63.Rxh4 Be7+  1-0

[Event "Kuopio op1"]
[Site "Kuopio"]
[Date "1995.??.??"]
[Round "?"]
[White "Trabert, Bettina"]
[Black "Raaste, Eero J"]
[Result "1/2-1/2"]
[WhiteElo "2210"]
[BlackElo "2355"]

1.e4 e6 2.d4 d5 3.Nd2 a6 4.Ngf3 c5 5.exd5 exd5 6.dxc5 Bxc5 7.Nb3 Bd6 8.Bd3 Ne7
9.O-O Bg4 10.Re1 Nc6 11.c3 Qd7 12.Be3 O-O 13.h3 Bf5 14.Bxf5 Nxf5 15.Bc5 Rfe8
16.Bxd6 Rxe1+ 17.Qxe1 Qxd6 18.Rd1 Rd8 19.Nfd4 Nfe7 20.Nxc6 Nxc6 21.Qe3 Ne5
22.Nd4 g6 23.Re1 Nc6 24.Nxc6  1/2-1/2

[Event "Lazne Bohdanec"]
[Site "Lazne Bohdanec"]
[Date "1995.??.??"]
[Round "5"]
[White "Howell, James C"]
[Black "Hausner, Ivan"]
[Result "0-1"]
[WhiteElo "2520"]
[BlackElo "2450"]

1.e4 e6 2.d4 d5 3.Nd2 Be7 4.Bd3 c5 5.dxc5 Nf6 6.Qe2 Nc6 7.Ngf3 Bxc5 8.a3 Qc7
9.O-O Bd7 10.exd5 Nxd5 11.g3 O-O 12.Nb3 Be7 13.c4 Nf6 14.Bf4 Qb6 15.Be3 Qc7
16.Nc5 Bxc5 17.Bxc5 Rfe8 18.Rad1 e5 19.Ng5 b6 20.Bd6 Qd8 21.Qf3 Nd4 22.Bxh7+ Nxh7
23.Qxf7+ Kh8 24.Nxh7 Kxh7 25.Bxe5 Ne2+ 26.Kg2 Bc6+ 27.f3 Qe7 28.Qxe7 Rxe7
29.Bd6 Re3 30.c5 Rae8 31.cxb6 axb6 32.Bb4 Rb3 33.Rd2 Ree3 34.Kf2 Rxf3+ 35.Ke1 Rfe3
36.Kf2 Re6 37.Rd6 Rxb2 38.Rxe6 Nd4+ 39.Ke3 Nxe6 40.Rf2 Rb3+  0-1

[Event "GER-chJT"]
[Site "Leipzig"]
[Date "1995.??.??"]
[Round "?"]
[White "Proehl, Holger"]
[Black "Ellers, Holger"]
[Result "1/2-1/2"]
[WhiteElo "2365"]
[BlackElo "2360"]

1.e4 e6 2.d4 d5 3.Nd2 Be7 4.c3 dxe4 5.Nxe4 Nf6 6.Nxf6+ Bxf6 7.Nf3 Nd7 8.Bd3 c5
9.O-O O-O 10.Bc2 g6 11.Be3 cxd4 12.Nxd4 a6 13.Qe2 Qc7 14.Rad1 Bg7 15.Rfe1 Re8
16.Qf3 e5 17.Bg5 Nc5 18.Nb3 Na4 19.Bc1 Nb6 20.Na5 Rb8 21.Bb3 Be6 22.h3 Bxb3
23.axb3 Nc8 24.b4 Nd6 25.Qd5 Re6 26.Nb3 b6 27.Nd2 Rc8 28.Nf3 Nc4 29.Qe4 h6
30.Qe2 b5 31.Rd5 Rd8 32.Red1 Red6 33.Rxd6 Rxd6 34.Rxd6 Qxd6 35.Nd2 Nxd2 36.Bxd2 Qd5
37.Be3 e4 38.Qd2 Qxd2 39.Bxd2 f5 40.b3 Kf7 41.c4 Ke7 42.Kf1 Kd6 43.Ke2 h5
44.h4 Ke6 45.g3 Bd4  1/2-1/2

[Event "Lyon op"]
[Site "Lyon"]
[Date "1995.??.??"]
[Round "9"]
[White "Radulov, Ivan"]
[Black "Bricard, Emmanuel"]
[Result "0-1"]
[WhiteElo "2405"]
[BlackElo "2500"]

1.e4 e6 2.d4 d5 3.Nd2 Nc6 4.Ngf3 Nf6 5.e5 Nd7 6.Be2 Be7 7.Nf1 O-O 8.Ne3 f6
9.exf6 Nxf6 10.O-O Bd6 11.c4 b6 12.b3 Ne7 13.Bb2 Bb7 14.Ne5 dxc4 15.Bxc4 Nfd5
16.g3 Bxe5 17.dxe5 Qe8 18.Qg4 Kh8 19.Nxd5 Nxd5 20.Bd3 Qf7 21.Qh4 g5 22.Qh6 Rad8
23.Be4 Ba6 24.Qxg5 Bxf1 25.Rxf1 Qg7 26.Qc1 c5 27.f4 Qg4 28.Kh1 Nb4 29.Qb1 Rd2
30.Bc3 Rxa2 31.Be1 Rd8 32.Bf3 Qh3 33.Bf2 Rdd2 34.Bg2 Qf5 35.Be4 Qg4 36.Kg1 Rab2
37.Qa1 Ra2 38.Qc3 Qe2 39.Bb1 Rab2  0-1

[Event "Madras zt"]
[Site "Madras"]
[Date "1995.??.??"]
[Round "10"]
[White "Ramesh, RB."]
[Black "Reefat bin Satter"]
[Result "1/2-1/2"]
[WhiteElo "2330"]
[BlackElo "2430"]

1.e4 e6 2.d4 d5 3.Nd2 Nc6 4.Ngf3 Nf6 5.e5 Nd7 6.Be2 f6 7.exf6 Qxf6 8.Nf1 Bd6
9.Ne3 O-O 10.O-O Qd8 11.c4 Nf6 12.Bd3 Bd7 13.Re1 Be8 14.c5 Bf4 15.Nc2 Nh5
16.Be3 Qf6 17.Qd2 Bg6 18.Bxg6 hxg6 19.Bxf4 Nxf4 20.Re3 Qf5 21.Nce1 Qg4 22.Qd1 Ne7
23.Kf1 Nf5 24.Rb3 g5 25.h3 Nxh3 26.gxh3 Qxh3+ 27.Ke2 g4 28.Ne5 g3 29.fxg3 Nxg3+
30.Rxg3 Qxg3 31.N1f3 Rf4 32.Qg1 Re4+ 33.Kd3 Qf4 34.Re1 Rf8 35.Re3 Qf5 36.Kd2 b6
37.c6 Qf4 38.Kd3 Qf5 39.Kd2 Qf4 40.Kd3 Qf5 41.Kc3 Qf4 42.Rd3 Rf6 43.a3 Re2
44.Kb3 Rh6 45.Ka2 Qf5 46.Qf1 Re4 47.Rc3 a5 48.Qa6 Rh1 49.Qc8+ Kh7 50.Kb3 Rxe5
51.Nxe5 Qb1 52.Qxe6 Qd1+ 53.Rc2 a4+ 54.Kc3 Qe1+ 55.Rd2 Qe3+ 56.Rd3 Qe1+ 57.Rd2 Qe3+
58.Rd3 Qe1+ 59.Rd2 Qe3+  1/2-1/2

[Event "CRO-chT"]
[Site "Makarska Tucepi"]
[Date "1995.??.??"]
[Round "?"]
[White "Djeno, Mara"]
[Black "Petek Medic, Mirjana"]
[Result "1/2-1/2"]
[WhiteElo "2170"]
[BlackElo "2360"]

1.e4 e6 2.d4 d5 3.Nd2 a6 4.Ngf3 c5 5.c3 Nc6 6.exd5 Qxd5 7.Bc4 Qd8 8.dxc5 Bxc5
9.Ne4 Qxd1+ 10.Kxd1 Be7 11.Bf4 b5 12.Bb3 Bb7 13.Ke2 Nf6 14.Nd6+ Bxd6 15.Bxd6 Ne4
16.Bf4 Ke7 17.Rhd1 Rhd8 18.Bc2 Nf6 19.Bg5 h6 20.Bxf6+ Kxf6 21.Rxd8 Rxd8 22.Rd1 Rxd1
23.Bxd1 Ne5 24.Nxe5 Kxe5 25.g3 Kd6 26.Kd3 e5 27.a4 f5 28.axb5 axb5 29.Bh5 Be4+
30.Ke3 Bc6 31.f4 g5 32.Bf7 exf4+ 33.gxf4 Kc5 34.b4+ Kd6 35.c4 bxc4 36.Bxc4 Be4
37.Be2 Kd5 38.Bf3 Bxf3 39.Kxf3 Kc4 40.Kg3 Kxb4 41.fxg5 hxg5 42.h4  1/2-1/2

[Event "Capablanca mem"]
[Site "Matanzas"]
[Date "1995.??.??"]
[Round "3"]
[White "Zapata, Alonso"]
[Black "Nogueiras, Jesus"]
[Result "1/2-1/2"]
[WhiteElo "2535"]
[BlackElo "2550"]

1.e4 e6 2.d4 d5 3.Nd2 Be7 4.c3 dxe4 5.Nxe4 Nf6 6.Bd3 Nbd7 7.Nf3 c5 8.Nxc5 Bxc5
9.dxc5 Nxc5 10.Be2 Qxd1+ 11.Kxd1 b6 12.Ne5 Nfd7 13.Nc4 Ke7 14.Bf4 Ba6 15.Re1 Rhd8
16.Kc2 Nf6 17.Rad1 Rxd1 18.Rxd1 Nce4 19.Rd4 Rd8 20.Rxd8 Kxd8 21.f3 Nc5 22.b4 Ncd7
23.a4 Nd5 24.Bc1 Ke7 25.b5 Bc8 26.Ba3+ Nc5 27.a5 f6 28.axb6 axb6 29.Bxc5+ bxc5
30.Kd2 e5 31.Ne3 Nb6 32.Bd3 g6 33.h4 Be6 34.c4 Kd6 35.Kc3 f5 36.g3 Na4+ 37.Kb3 Nb6
38.Kc3 Na4+ 39.Kb3 Nb6 40.f4 e4 41.Be2 h5 42.Nd1 Kc7 43.Nb2  1/2-1/2

[Event "Fide Mercenarios 3th"]
[Site "MEX"]
[Date "1995.??.??"]
[Round "1"]
[White "Busto, Busto Hector"]
[Black "Sorensen, J."]
[Result "1-0"]
[WhiteElo "2105"]
[BlackElo "2000"]

1.e4 e6 2.d4 d5 3.Nd2 Nc6 4.c3 Nf6 5.e5 Nd7 6.Bd3 Qe7 7.f4 f6 8.Qh5+ Qf7
9.Qh3 Be7 10.Ndf3 Nf8 11.Ne2 Bd7 12.Be3 O-O-O 13.b4 f5 14.Nd2 Be8 15.Qf3 Qh5
16.Qf2 Bh4 17.g3 Be7 18.Nb3 Nd7 19.Nc5 Qg6 20.Nxd7 Bxd7 21.Nc1 Nb8 22.Nb3 Qe8
23.Qe2 b6 24.a4 Qg6 25.a5 Qg4 26.Ba6+ Nxa6 27.Qxa6+ Kb8 28.axb6 Bb5 29.Qxa7+  1-0

[Event "Mondariz"]
[Site "Mondariz"]
[Date "1995.??.??"]
[Round "1"]
[White "Vallejo Pons, Francisco"]
[Black "Del Rey, Diego"]
[Result "0-1"]
[WhiteElo "2300"]
[BlackElo "2315"]

1.e4 e6 2.d4 d5 3.Nd2 Nc6 4.Ngf3 Nf6 5.e5 Nd7 6.c3 f6 7.exf6 Qxf6 8.Qb3 Bd6
9.g3 e5 10.Qxd5 Nb6 11.Qe4 O-O 12.Bd3 g6 13.d5 Ne7 14.c4 Bh3 15.Rg1 Bf5 16.Qe2 Bg4
17.Be4 Bb4 18.c5 Nbxd5  0-1

[Event "Moscow3"]
[Site "Moscow"]
[Date "1995.??.??"]
[Round "?"]
[White "Janovsky, Sergey"]
[Black "Naumkin, Igor"]
[Result "1-0"]
[WhiteElo "2450"]
[BlackElo "2500"]

1.e4 e6 2.d4 d5 3.Nd2 Nc6 4.Ngf3 Nf6 5.e5 Nd7 6.Bb5 a5 7.O-O Na7 8.Bd3 c5
9.c4 dxc4 10.Nxc4 Nc6 11.Be4 cxd4 12.Bxc6 bxc6 13.Qxd4 c5 14.Qg4 Ba6 15.Nd6+ Bxd6
16.Qxg7 Rf8 17.exd6 Bxf1 18.Bg5 Qb6 19.Be7 Ba6 20.Ng5 Ra7 21.Nxh7 Bd3 22.Qxf8+  1-0

[Event "RUS-chJ"]
[Site "Moscow"]
[Date "1995.??.??"]
[Round "4"]
[White "Kobalija, Mihail"]
[Black "Kiriakov, Petr"]
[Result "1/2-1/2"]
[WhiteElo "2415"]
[BlackElo "2480"]

1.e4 e6 2.d4 d5 3.Nd2 a6 4.Ngf3 c5 5.exd5 exd5 6.Be2 Nf6 7.O-O cxd4 8.Nb3 Nc6
9.Re1 Be7 10.Nbxd4 O-O 11.Bg5 h6 12.Bf4 Re8 13.c3 Ne4 14.Bd3 Bf6 15.Qc2 Ng5
16.Rxe8+ Qxe8 17.Re1 Qd8 18.Nxg5 hxg5 19.Bc7 Qf8 20.Nxc6 bxc6 21.Bd6 Qd8
22.Bc7 Qf8 23.Be5 Bxe5 24.Rxe5 f6 25.Re3 Bd7 26.Qe2 Qc8 27.Bg6 g4 28.Re7 Qd8
29.h3 Kf8 30.Rf7+ Kg8 31.Re7 Kf8 32.Re3 f5 33.hxg4 fxg4 34.Bd3 Qf6 35.Re5 Kf7
36.Qe3 Rh8 37.Qg5 Qxg5 38.Rxg5 a5 39.Re5 Kf6 40.Re1 g6  1/2-1/2

[Event "Moscow PCA-Intel qual"]
[Site "Moscow"]
[Date "1995.??.??"]
[Round "9"]
[White "Oll, Lembit"]
[Black "Muhutdinov, Marat"]
[Result "1-0"]
[WhiteElo "2610"]
[BlackElo "2485"]

1.e4 e6 2.d4 d5 3.Nd2 Be7 4.Bd3 Nf6 5.e5 Nfd7 6.c3 c5 7.Ne2 Nc6 8.O-O cxd4
9.cxd4 a5 10.a4 b6 11.Nf3 Ba6 12.Bb5 Bxb5 13.axb5 Nb4 14.Nc3 O-O 15.Qe2 Rc8
16.g3 h6 17.Bf4 Re8 18.Rac1 f5 19.exf6 Bxf6 20.Na4 Qe7 21.Bc7 Na2 22.Rc6 Nb4
23.Bd6 Qf7 24.Bxb4 axb4 25.Re1 Rxc6 26.bxc6 Nb8 27.Rc1 Rc8 28.c7 Rxc7 29.Rxc7 Qxc7
30.Qxe6+ Qf7 31.Qxb6 Qe8 32.Qxb4 Kh7 33.Nc3 Nc6 34.Qb5 Qh5 35.Qxc6 Qxf3 36.Qxd5 Qxd5
37.Nxd5 Bxd4 38.b3 Kg6 39.Kf1 Kf5  1-0

[Event "Nikolaev zt"]
[Site "Nikolaev"]
[Date "1995.??.??"]
[Round "1"]
[White "Frolov, Artur"]
[Black "Itkis, Boris"]
[Result "1/2-1/2"]
[WhiteElo "2545"]
[BlackElo "2410"]

1.e4 e6 2.d4 d5 3.Nd2 Be7 4.Bd3 dxe4 5.Nxe4 Nd7 6.Nf3 Ngf6 7.Nxf6+ Bxf6 8.O-O O-O
9.c3 b6 10.Be4 Rb8 11.Qc2 g6 12.Bh6 Bg7 13.Bxg7 Kxg7 14.Ne5 Nxe5 15.dxe5 Qe7
16.Rad1 Bd7 17.Rd4 Rfd8 18.Rfd1 Be8 19.Qd2 Rxd4 20.Qxd4 a5 21.g3 Qc5 22.Qxc5 bxc5
23.Rd2 h5 24.h4 Bb5 25.a3 Kf8 26.Kg2 Ke7 27.Kf3 Ba4 28.Kf4 Kf8 29.Kg5 Kg7
30.f3 c4 31.Kf4 Bb5 32.Ke3 Be8 33.f4 Kf8 34.Bf3 Bb5 35.Be2 Ke7 36.Bf3 c5
37.Be2 Rb6 38.Kf2 Rb8 39.Ke1 Rb6 40.Kd1 Ba4+ 41.Kc1 Bb5 42.Bf3 Ke8 43.Rd1 Ke7
44.Re1 Rb8 45.Re3 Kd7 46.Be2 Kc6 47.Bf3+ Kc7 48.Re2 Rd8 49.Rd2 Rxd2 50.Kxd2 Bc6
51.Be2 Bd5 52.g4 hxg4 53.Bxg4 Kd8 54.Ke3 Ke7 55.Bd1 Kf8 56.Kf2 Kg7 57.Kg3 f5
58.exf6+ Kxf6 59.Be2 Bc6 60.Kg4 Bd5  1/2-1/2

[Event "NLD-chT9596"]
[Site "?"]
[Date "1995.??.??"]
[Round "?"]
[White "Blees, Albert"]
[Black "Bosman, Michiel"]
[Result "1/2-1/2"]
[WhiteElo "2410"]
[BlackElo "2285"]

1.e4 e6 2.d4 d5 3.Nd2 a6 4.Ngf3 c5 5.exd5 exd5 6.Be2 Bd6 7.O-O cxd4 8.Nb3 Nf6
9.Bg5 h6 10.Bh4 Nc6 11.Nbxd4 O-O 12.Re1 Re8 13.c3 Re4 14.Bd3 Rxe1+ 15.Qxe1 Nxd4
16.Nxd4 Bd7 17.Nf5 Bxf5 18.Bxf5 Bc7 19.Qe3 Qd6 20.Bg3 Qd8 21.Rd1 Bxg3 22.hxg3 Qc7
23.Re1 Kf8 24.Qd4 a5 25.Bc2 b6 26.Bb3 Qc5 27.Rd1 Qxd4 28.Rxd4 Re8 29.Kf1 Re5
30.f4 Rh5 31.Kg1 g5 32.g4 Rh4 33.Bd1 gxf4 34.Rxf4 Ne4 35.Bb3 h5 36.Bxd5 Nd6
37.Bf3 hxg4 38.Rxg4 Rxg4 39.Bxg4 Nc4 40.b3 Nd6 41.Kf1 Ne4 42.c4 Ke7 43.Ke1 Kd6
44.Bf5 Nc3 45.a3 Ke5 46.Kd2 Kd4 47.Bh7 f6 48.Bc2 Na2 49.Bg6 Nc3 50.Bc2 Na2
51.Bg6 Nc3  1/2-1/2

[Event "NLD-chT9596"]
[Site "?"]
[Date "1995.??.??"]
[Round "?"]
[White "Abbink, Michel"]
[Black "Van der Linde, Meindert"]
[Result "1-0"]
[WhiteElo "2295"]
[BlackElo "2260"]

1.e4 e6 2.d4 d5 3.Nd2 a6 4.Ngf3 c5 5.exd5 exd5 6.Bd3 c4 7.Be2 b5 8.O-O Bd6
9.a4 Bb7 10.c3 Nd7 11.Qe1 Kf8 12.b3 g6 13.g3 Qc7 14.axb5 axb5 15.Rxa8+ Bxa8
16.Nh4 Kg7 17.bxc4 bxc4 18.f4 Ngf6 19.Qf2 Qa5 20.Qf3 Nb6 21.g4 Rf8 22.Qh3 Re8
23.Bd1 Qa1 24.Bc2 Na4 25.Bxa4 Qxa4 26.g5 Ne4 27.Nxe4 dxe4 28.Qe3 Qc2 29.Rf2 Qd3
30.Ng2 Bc6 31.Ne1 Qxe3 32.Bxe3 Rb8 33.Rd2 Rb3 34.d5 Bb5 35.Bd4+ Kf8 36.Ng2 Ke7
37.Kf2 Ba6 38.Ke3 Bb7 39.Kxe4 Rb1 40.Ne3 Re1 41.Rd1 Re2 42.Rb1 Bc8 43.Kf3 Rxh2
44.Nxc4 Rh3+ 45.Kg2 Bxf4 46.Bf6+ Kf8 47.d6 Ke8 48.Rb8 Rg3+ 49.Kf2 Kd7 50.Be5 Rxg5
51.Bxf4 Rf5 52.Nb6+ Ke6 53.Rxc8  1-0

[Event "JUG-ch"]
[Site "Novi Sad"]
[Date "1995.??.??"]
[Round "?"]
[White "Tosic, Miroslav"]
[Black "Nikolic, Zivoslav"]
[Result "1/2-1/2"]
[WhiteElo "2420"]
[BlackElo "2480"]

1.e4 e6 2.d4 d5 3.Nd2 Nc6 4.Ngf3 Nf6 5.e5 Ne4 6.Bd3 Nxd2 7.Bxd2 Nb4 8.Bxb4 Bxb4+
9.c3 Be7 10.Qb1 h6 11.a4 b6 12.Qc1 c5 13.Qf4 c4 14.Bc2 Bd7 15.h4 a6  1/2-1/2

[Event "JUG-ch"]
[Site "Novi Sad"]
[Date "1995.??.??"]
[Round "?"]
[White "Petronic, Jovan"]
[Black "Drasko, Milan"]
[Result "1/2-1/2"]
[WhiteElo "2450"]
[BlackElo "2510"]

1.e4 e6 2.d4 d5 3.Nd2 Nc6 4.Ngf3 Nf6 5.e5 Nd7 6.c4 Be7 7.Bd3 Nb4 8.Bb1 dxc4
9.Nxc4 Nb6 10.Ne3 c5 11.O-O Nc6 12.dxc5 Qxd1 13.Rxd1 Bxc5 14.Be4 Bd7 15.Bd2 a5
16.Rac1 Bb4 17.a3 Bxd2 18.Rxd2 Ke7 19.Bxc6 Bxc6 20.Nd4 Bd7 21.Rc7 Rab8 22.Nb3 a4
23.Nc5 Rhd8 24.Nxb7 Rdc8 25.Rxc8 Rxc8 26.f4 Nc4 27.Nxc4 Rxc4 28.g3 f6 29.exf6+ gxf6
30.Nd6 Rc1+ 31.Kf2 Bc6 32.Nc8+ Kf7 33.Nd6+ Ke7 34.Ke2 h5 35.Nc8+ Kf7 36.Kf2 h4
37.Nd6+ Kg6 38.gxh4 Rh1 39.Ke3 Rf1 40.Rf2 Rd1 41.f5+ Kh5 42.Nc8 e5 43.Ne7 Bb5
44.Ng8 Rd3+ 45.Ke4 Rd4+ 46.Ke3 Rd3+ 47.Ke4 Rd4+ 48.Kf3 Rd3+ 49.Kg2 Bc6+ 50.Kf1 Kxh4
51.Nxf6 Bf3 52.Rc2 Kg5 53.Ne8 e4 54.Kf2 Kf4 55.Rc4 Rd2+ 56.Ke1 Re2+ 57.Kd1 Rxh2+
58.Kc1 Ke5 59.Rc3 Kd4 60.Nc7 e3 61.Ne6+  1/2-1/2

[Event "Orense op"]
[Site "Orense"]
[Date "1995.??.??"]
[Round "9"]
[White "Garcia Carbo, Marcial"]
[Black "Guerra Bastida, Diego"]
[Result "1/2-1/2"]
[WhiteElo "2320"]
[BlackElo "2310"]

1.e4 e6 2.d4 d5 3.Nd2 a6 4.Ngf3 c5 5.dxc5 Bxc5 6.Bd3 Nf6 7.Qe2 Nc6 8.a3 O-O
9.O-O Re8 10.e5 Nd7 11.Nb3 Be7 12.Nbd4 Nf8 13.Re1 f6 14.Nxc6 bxc6 15.Bd2 c5
16.c4 Bb7 17.Rad1 Qb6 18.Bc1 f5 19.cxd5 Bxd5 20.Nd2 Qb7 21.f3 Nd7  1/2-1/2

[Event "Pardubice op"]
[Site "Pardubice"]
[Date "1995.??.??"]
[Round "?"]
[White "Nikolenko, Oleg"]
[Black "Iljushin, Alexei"]
[Result "0-1"]
[WhiteElo "2475"]
[BlackElo "2340"]

1.e4 e6 2.d4 d5 3.Nd2 a6 4.Ngf3 c5 5.exd5 exd5 6.Be2 c4 7.b3 b5 8.a4 Bb7
9.O-O Nf6 10.c3 Bd6 11.bxc4 bxc4 12.Rb1 Qc7 13.Ne5 O-O 14.Bf3 Ra7 15.Re1 Nbd7
16.Nf1 Ne4 17.Nxd7 Qxd7 18.Bxe4 dxe4 19.Ne3 Rc8 20.a5 f5 21.Rb6 f4 22.Qg4 Qxg4
23.Nxg4 Bc7 24.Ne5 Bxb6 25.axb6 Raa8 26.Bxf4 a5 27.Nd7 a4 28.Nc5 Bd5 29.b7 Bxb7
30.Nxb7 a3 31.Ra1 a2 32.g3 Rc6 33.Kg2 Rb6 34.Nc5 Rb1 35.Rxa2 Rxa2 36.Nxe4 Rc1
37.Nd6 Ra4 38.Nf5 Rxc3 39.Be5 Rd3 40.Bxg7 c3  0-1

[Event "Paris op"]
[Site "Paris"]
[Date "1995.??.??"]
[Round "?"]
[White "Vujovic, M."]
[Black "Roele, Charles"]
[Result "0-1"]
[WhiteElo "2285"]
[BlackElo "2160"]

1.e4 e6 2.d4 d5 3.Nd2 Nc6 4.Ngf3 Nf6 5.Bd3 Nb4 6.Qe2 Nxd3+ 7.Qxd3 dxe4 8.Nxe4 Nxe4
9.Qxe4 Qd5 10.Qe2 Bd7 11.c4 Bb4+ 12.Kf1 Qh5 13.Ne5 Qxe2+ 14.Kxe2 Bd6 15.Nxd7 Kxd7
16.Be3 c6 17.Rad1 a5 18.Rd3 f5 19.f4 Rab8 20.Bd2 b5 21.c5 Bc7 22.Rg3 Rhg8
23.h4 a4 24.h5 Ke7 25.Rgh3 Kf7 26.Rg1 Rbd8 27.Be3 Rd5 28.g4 fxg4 29.Rxg4 Bd8
30.Kd3 Bf6 31.Ke4 Rgd8 32.Rg5 Bxg5 33.fxg5 Rf5 34.Bf4 Rxf4+ 35.Kxf4 Rxd4+
36.Ke3 Rd5 37.Rf3+ Rf5 38.Rf4 Ke7 39.g6 Rxf4 40.Kxf4 hxg6 41.hxg6 Kf6 42.Ke4 e5
43.b4 a3 44.Ke3 Kxg6  0-1

[Event "Paris op"]
[Site "Paris"]
[Date "1995.??.??"]
[Round "?"]
[White "Feher, Gyula"]
[Black "Bricard, Emmanuel"]
[Result "1-0"]
[WhiteElo "2420"]
[BlackElo "2500"]

1.e4 e6 2.d4 d5 3.Nd2 Nc6 4.c3 e5 5.exd5 Qxd5 6.Ngf3 exd4 7.Bc4 Qh5 8.cxd4 Be6
9.Bxe6 fxe6 10.Qb3 O-O-O 11.Qxe6+ Kb8 12.O-O Bd6 13.Nb3 Rf8 14.h3 Nh6 15.Bxh6 gxh6
16.Rae1 Rhg8 17.Re3 Bf4 18.Nc5 Nd8 19.Na6+ bxa6 20.Rb3+ Nb7 21.Ne5 Re8 22.Qxa6 Kc8
23.Qxb7+ Kd8 24.Qb8+ Ke7 25.Qxc7+ Kf6 26.Rc3 Bxe5 27.dxe5+ Kg5 28.Qxa7  1-0

[Event "Philidor mem"]
[Site "Paris"]
[Date "1995.??.??"]
[Round "1"]
[White "Marciano, David"]
[Black "Bricard, Emmanuel"]
[Result "1/2-1/2"]
[WhiteElo "2455"]
[BlackElo "2485"]

1.e4 e6 2.d4 d5 3.Nd2 Nc6 4.Ngf3 Nf6 5.e5 Nd7 6.Bd3 f6 7.exf6 Qxf6 8.O-O Bd6
9.c4 O-O 10.Nb3 dxc4 11.Bxc4 h6 12.Qe2 Nb6 13.Bd3 e5 14.dxe5 Nxe5 15.Nxe5 Qxe5
16.Qxe5 Bxe5 17.Re1 Bd6 18.Be3 Bf5 19.Be2 c6 20.Bc5 Rad8 21.Rad1 Bxc5 22.Nxc5 Bc8
23.h3 Kf7 24.Bg4 Bxg4 25.hxg4 Rxd1 26.Rxd1 Rb8 27.Rd6 Ke7 28.Re6+ Kf7 29.Re5 Nd5
30.g5 hxg5 31.Rxg5 b6 32.Nd3 Ne7 33.Ne5+ Kf6 34.f4 Rd8 35.Ng4+ Kf7 36.Ne5+ Kf6
37.Ng4+ Kf7 38.Ne5+ Kf6  1/2-1/2

[Event "World op"]
[Site "Philadelphia"]
[Date "1995.??.??"]
[Round "2"]
[White "Getz, Shelby D"]
[Black "Savage, Allan G"]
[Result "1-0"]
[WhiteElo "2320"]
[BlackElo "2295"]

1.e4 e6 2.d4 d5 3.Nd2 Nc6 4.Ngf3 Nf6 5.e5 Nd7 6.Bb5 a5 7.a4 Na7 8.Bd3 c5
9.O-O Nc6 10.Re1 cxd4 11.Nb3 Qb6 12.Bb5 h6 13.Nfxd4 Nxd4 14.Nxd4 Bc5 15.c3 g6
16.Bf4 Kf8 17.Qd2 Kg7 18.Rad1 Be7 19.Qe3 Qd8 20.Qf3 Nb6 21.b3 Bc5 22.h3 Be7
23.c4 Qf8 24.Bc1 Bb4 25.Qf6+ Kh7 26.Bd2 Be7 27.Qf3 Qg7 28.Be3 dxc4 29.bxc4 Bb4
30.Rf1 Nd7 31.Bf4 Rd8 32.Qe3 Nc5 33.Nc2 b6 34.Nxb4 axb4 35.Rd6 Rb8 36.a5 Nb7
37.Rxb6 Ra8 38.Bc6 Ra7  1-0

[Event "Portoroz op"]
[Site "Portoroz"]
[Date "1995.??.??"]
[Round "?"]
[White "Brecevic, V."]
[Black "Toefferl, Heimo"]
[Result "1/2-1/2"]
[WhiteElo "2185"]
[BlackElo "2165"]

1.d4 e6 2.e4 d5 3.Nd2 Nc6 4.Ngf3 Nf6 5.e5 Nd7 6.Nb3 f6 7.Bb5 a5 8.a4 Na7
9.exf6 gxf6 10.Ne5 Ke7 11.Qh5 Qe8 12.Qxe8+ Kxe8 13.Bxd7+ Bxd7 14.Nxd7 Kxd7
15.Nxa5 Bb4+ 16.Bd2 Bxa5 17.Bxa5 Nc6 18.Bc3 b5 19.b3 bxa4 20.bxa4 e5 21.dxe5 fxe5
22.O-O d4  1/2-1/2

[Event "Redcar op"]
[Site "Recar"]
[Date "1995.??.??"]
[Round "1"]
[White "Mooney, David P"]
[Black "Bailey, Doug"]
[Result "1-0"]
[WhiteElo "2240"]
[BlackElo "2280"]

1.e4 e6 2.d4 d5 3.Nd2 a6 4.Bd3 c5 5.dxc5 Bxc5 6.Ngf3 Nf6 7.Qe2 Nc6 8.O-O O-O
9.e5 Nd7 10.Nb3 h6 11.c4 dxc4 12.Bxc4 b5 13.Bd3 Be7 14.Qe4  1-0

[Event "Recklinghausen"]
[Site "Recklinghausen"]
[Date "1995.??.??"]
[Round "3"]
[White "Kummerow, Heiko"]
[Black "Hoefker, Mathias"]
[Result "1-0"]
[WhiteElo "2250"]
[BlackElo "2305"]

1.e4 e6 2.d4 d5 3.Nd2 a6 4.Ngf3 c5 5.exd5 exd5 6.Be2 Nc6 7.O-O Bd6 8.dxc5 Bxc5
9.Nb3 Bd6 10.Re1 Nge7 11.Bg5 O-O 12.c3 Qc7 13.Be3 Ne5 14.Nxe5 Bxe5 15.h3 Bf5
16.Bd4 Bf4 17.Bd3 Bxd3 18.Qxd3 Nc6 19.Bc5 Rfd8 20.Rad1 b6 21.Be3 Bh2+ 22.Kh1 Be5
23.Re2 Rd7 24.Red2 Qb7 25.Qf5 Rad8 26.Bg5 f6 27.Be3 g6 28.Qe6+ Kg7 29.Rxd5 Rxd5
30.Rxd5 Rxd5 31.Qxd5 Qc7 32.f4 Ne7 33.Qe4 Bd6 34.Nd4 Qd7 35.Nf3 Nf5 36.Bf2 Bc5
37.Nd4 Bxd4 38.cxd4 Qb5 39.Qc2 Qd5 40.Qc7+ Kh6  1-0

[Event "Rostov on Don (Women)"]
[Site "Rostov"]
[Date "1995.??.??"]
[Round "2"]
[White "Kovalevskaya, Ekaterina"]
[Black "Matveeva, Svetlana"]
[Result "1/2-1/2"]
[WhiteElo "2370"]
[BlackElo "2430"]

1.e4 e6 2.d4 d5 3.Nd2 Be7 4.c3 c5 5.dxc5 Bxc5 6.exd5 exd5 7.Nb3 Bb6 8.Bb5+ Nc6
9.Nf3 Nf6 10.O-O O-O 11.Bg5 Bg4 12.Qd3 Qd6 13.Bh4 Ne4 14.Rad1 Ne5 15.Qxe4 Bxf3
16.gxf3 dxe4 17.Rxd6 Nxf3+ 18.Kh1 Nxh4 19.Rd7 f5 20.a4 Rac8 21.a5 Bc7 22.a6 b6
23.Nd4 Nf3 24.Nxf3 exf3 25.Re1 Rfd8 26.Ree7  1/2-1/2

[Event "RUS Army-ch"]
[Site "RUS"]
[Date "1995.??.??"]
[Round "?"]
[White "Cherniaev, Alexander"]
[Black "Legky, Nikolay A"]
[Result "0-1"]
[WhiteElo "2450"]
[BlackElo "2505"]

1.e4 e6 2.d4 d5 3.Nd2 a6 4.Ngf3 c5 5.dxc5 Bxc5 6.Bd3 Nc6 7.O-O Nf6 8.e5 Ng4
9.Qe2 Qc7 10.Nb3 Ba7 11.Bf4 Bb8 12.Rfe1 f6 13.c4 dxc4 14.Bxc4 Ncxe5 15.Nfd2 Qe7
16.h3 Nxc4 17.Nxc4 Bxf4 18.Nb6 Ne5 19.Nxa8 b5 20.Na5 Qa7 21.Qe4 Bd2 22.Rec1 Qb8
23.b4 Bxc1 24.Rxc1 O-O 25.f4 Nc4 26.Nxc4 bxc4 27.Rxc4 e5 28.Rc7 Be6 29.Qc6 Bxa2
30.Nb6 Qd8 31.Nd7 Re8 32.f5 Bf7 33.Qb7 e4 34.Nc5 Qd1+ 35.Kh2 Qd5 36.Qa7 e3
37.Rd7 Qe5+  0-1

[Event "San Francisco op"]
[Site "San Francisco"]
[Date "1995.??.??"]
[Round "?"]
[White "Balinas, Rosendo Carrean"]
[Black "Rey, Guillermo"]
[Result "1-0"]
[WhiteElo "2340"]
[BlackElo "2355"]

1.e4 e6 2.d4 d5 3.Nd2 a6 4.Bd3 c5 5.Ngf3 Nc6 6.c3 Nf6 7.O-O Be7 8.dxc5 Bxc5
9.Qe2 O-O 10.e5 Nd7 11.Nb3 Be7 12.Nbd4 Nc5 13.Bc2 Bd7 14.a4 Nxd4 15.Nxd4 Qe8
16.b4 Nxa4 17.Qd3 g6 18.Bxa4 Bxa4 19.Bh6 Rc8 20.f4 Kh8 21.Bxf8 Bxf8 22.h4 Bd7
23.h5 Qe7 24.Rf3 Bg7 25.Raf1 Rf8 26.Rh3 Kg8 27.Rff3 Rc8 28.Rfg3 Rc4 29.Qe3 Kf8
30.hxg6 hxg6 31.Rh7 Kg8 32.Rgh3 Qf8 33.Qg3 Rxd4 34.cxd4 Qxb4 35.Qh4  1-0

[Event "San Salvador zt"]
[Site "San Salvador"]
[Date "1995.??.??"]
[Round "?"]
[White "Zapata, Alonso"]
[Black "Juarez Flores, Carlos A"]
[Result "1/2-1/2"]
[WhiteElo "2530"]
[BlackElo "2415"]

1.e4 e6 2.d4 d5 3.Nd2 Nc6 4.Ngf3 Nf6 5.e5 Nd7 6.c3 f6 7.exf6 Qxf6 8.Bb5 Bd6
9.Nf1 a6 10.Ba4 Nb6 11.Bc2 e5 12.Bg5 Qf7 13.Ne3 e4 14.Nd2 Be6 15.Bh4 Bf4
16.Qe2 g5 17.Bg3 O-O-O 18.f3 exf3 19.Qxf3 Bxe3 20.Qxe3 Bg4 21.Bd1 Bd7 22.Rf1 Qg6
23.Be2 Rde8 24.Be5 Nxe5 25.dxe5 Qg7 26.O-O-O Rxe5 27.Qd4 Re7 28.Qxg7 Rxg7
29.Bd3 Re8 30.Rf6 c6 31.Rdf1 Kc7 32.Rh6 Ree7 33.Nb3 Be8  1/2-1/2